PERFICE MUNUS! RASSEGNA DI FORMAZIONE E VITA PASTORALE. OTTOBRE 1956. (Record n. 324247)

Dettagli MARC
000 -LEADER
fixed length control field 01648nas a2200277Ia 4500
001 - CONTROL NUMBER
control field R262-R5730
003 - CONTROL NUMBER IDENTIFIER
control field IT-CnALBA
008 - FIXED-LENGTH DATA ELEMENTS--GENERAL INFORMATION
fixed length control field 170116c99999999xx |||||||||||| ||und||
040 ## - CATALOGING SOURCE
Original cataloging agency IT-CnALBA
Transcribing agency IT-CnALBA
041 ## - LANGUAGE CODE
Language code of text/sound track or separate title POLIGLOTTA
999 ## - SYSTEM CONTROL NUMBERS (KOHA)
Koha Dewey Subclass [OBSOLETE] NO
100 ## - MAIN ENTRY--PERSONAL NAME
Personal name PIO XII, PAPA PACELLI EUGENIO.
210 ## - ABBREVIATED TITLE
Abbreviated title PEREFICE MUNUS
222 ## - KEY TITLE
Key title PEREFICE MUNUS
245 #0 - TITLE STATEMENT
Title PERFICE MUNUS! RASSEGNA DI FORMAZIONE E VITA PASTORALE. OTTOBRE 1956.
250 ## - EDITION STATEMENT
Edition statement 1a ed.
260 ## - PUBLICATION, DISTRIBUTION, ETC. (IMPRINT)
Place of publication, distribution, etc. TORINO
Name of publisher, distributor, etc. LICE. ROBERTO BERRUTI & C.
Date of publication, distribution, etc. 1956 [1° Ed.:1956 - Ed.Ling.Originale: 1956]
300 ## - PHYSICAL DESCRIPTION
Extent 64 p.
310 ## - CURRENT PUBLICATION FREQUENCY
Current publication frequency MENSILE
362 ## - DATES OF PUBLICATION AND/OR SEQUENTIAL DESIGNATION
Dates of publication and/or sequential designation Fascicolo: 10 / Anno: 31 (1956)
500 ## - GENERAL NOTE
General note IL SANTO PADRE AGLI AMMINISTRATORI CIVILI. TEOLOGIA SCIENTIFICA, IL NUMERO IN DIO. OFFERTORIO DEI DEFUNTI. ASSOLUZIONE, RITO CROCE. ORAZIONI E BENEDIZIONE. VIA CRUCIS. PROCESSIONE. GIOVEDÌ SANTO, PASSIO. CALENDARIO. PREPARAZIONE E RINGRAZIAMENTO ALLA MESSA. MORALE. CASO DI COSCIENZA, A. GENNARO. DIREZIONE SPIRITUALE E CASO DI COSCIENZA, GENNARO. DIREZIONE SPIRITUALE E FORO ESTERNO, BOSCHI P.
501 ## - WITH NOTE
With note Società San Paolo EM - Piazza San Paolo, 14 - 12051 ALBA (CN) (non commercial uses only) ® Copyright 2017
520 ## - SUMMARY, ETC.
Summary, etc. IL SANTO PADRE AGLI AMMINISTRATORI CIVILI. TEOLOGIA SCIENTIFICA, IL NUMERO IN DIO. OFFERTORIO DEI DEFUNTI. ASSOLUZIONE, RITO CROCE. ORAZIONI E BENEDIZIONE. VIA CRUCIS. PROCESSIONE. GIOVEDÌ SANTO, PASSIO. CALENDARIO. PREPARAZIONE E RINGRAZIAMENTO ALLA MESSA. MORALE. CASO DI COSCIENZA, A. GENNARO. DIREZIONE SPIRITUALE E CASO DI COSCIENZA, GENNARO. DIREZIONE SPIRITUALE E FORO ESTERNO, BOSCHI P.
650 ## - SUBJECT ADDED ENTRY--TOPICAL TERM
Topical term or geographic name as entry element ECCLESIOLOGIA
942 ## - ADDED ENTRY ELEMENTS (KOHA)
Koha item type RIVISTA
957 ## -
-- 1
999 ## - SYSTEM CONTROL NUMBERS (KOHA)
-- 1
Dati di copia
Withdrawn status Lost status Damaged status Not for loan Home library Current library Date acquired Total Checkouts Full call number Date last seen Price effective from Koha item type Public note
    Buone Condizioni Not For Loan ALBA - Biblioteca ALBA - Biblioteca 16/01/2017   R262-R5730 16/01/2017 16/01/2017 RIVISTA (data import: 16 gennaio 2017) - By Epidotti, Vaglietti.
CREDITS: SOCIETA' SAN PAOLO Via A.Severo, 58 - ROMA (RM) & PERIODICI SAN PAOLO SRL Via Giotto, 36 MILANO & CISF Via Giotto, 36 MILANO & EDIZIONI SAN PAOLO SRL,  Piazza Soncino, 5 CINISELLO BALSAMO (MI) -- ITALY